DEEP WATER FOUNDATION & PIPLINE GEOMECHANICS / (Record no. 593486)
[ view plain ]
| 000 -LEADER | |
|---|---|
| fixed length control field | 00343nam a22001337a 4500 |
| 020 ## - INTERNATIONAL STANDARD BOOK NUMBER | |
| Qualifying information | HB. |
| 040 ## - CATALOGING SOURCE | |
| Transcribing agency | FIZZA ISHAQ |
| 082 ## - DEWEY DECIMAL CLASSIFICATION NUMBER | |
| Classification number | 621.8672 |
| Author Mark | WIL |
| 100 ## - MAIN ENTRY--PERSONAL NAME | |
| Personal name | MCCARRON,O.WILLIAM. |
| 9 (RLIN) | 109692 |
| 245 ## - TITLE STATEMENT | |
| Title | DEEP WATER FOUNDATION & PIPLINE GEOMECHANICS / |
| Statement of responsibility, etc. | WILLIAM O.MCCARRON. |
| 260 ## - PUBLICATION, DISTRIBUTION, ETC. | |
| Name of publisher, distributor, etc. | J.ROSS. |
| Date of publication, distribution, etc. | 2014. |
| 300 ## - PHYSICAL DESCRIPTION | |
| Extent | 336 P. ; |
| 942 ## - ADDED ENTRY ELEMENTS (KOHA) | |
| Source of classification or shelving scheme | |
| Koha item type | Book |
| Withdrawn status | Lost status | Source of classification or shelving scheme | Damaged status | Not for loan | Permanent Location | Current Location | Date acquired | Total Checkouts | Full call number | Barcode | Date last seen | Price effective from | Koha item type |
|---|---|---|---|---|---|---|---|---|---|---|---|---|---|
| NUST Baluchistan Campus (NBC) | NUST Baluchistan Campus (NBC) | 03/01/2023 | 621.8672 WIL | Q-6367 | 03/01/2023 | 03/01/2023 | Book |
